Páginas olvidadas: Vicuña Mackenna en El Mercurio

Uloženo v:
Podrobná bibliografie
Hlavní autor: Vicuña Mackenna, Benjamín, 1831-1886 (Autor)
Médium: Kniha
Jazyk:španělština
Vydáno: Santiago Nascimento 1931
Vydání:1a. ed
Témata:
Tagy: Přidat tag
Žádné tagy, Buďte první, kdo vytvoří štítek k tomuto záznamu!

MARC

LEADER 00000nam a2200000 a 4500
001 UCO2523
003 CL-VaPUC
008 000608e19310000CL |||||||||||||||||spa|d
082 0 4 |a 070.983  |b VIC  |2 21 
100 |a Vicuña Mackenna, Benjamín,  |d 1831-1886  |x Político e historiador   |z Chile   |e author  |9 374 
245 1 0 |a Páginas olvidadas: Vicuña Mackenna en El Mercurio 
250 |a 1a. ed 
300 |a 434 p 
942 |c BK 
945 |d 20000608 00:00:00  |a crobeson 
260 |a Santiago  |b Nascimento  |c 1931 
600 0 |a El mercurio de valparaíso  |9 445813 
600 0 |a Vicuña Mackenna, Benjamín,  |d 1831-1886  |x Político e historiador   |z Chile   |9 374 
650 7 |a PRENSA DE INFORMACION  |2 CL-VaPUC  |9 335512 
650 0 |a Periódicos   |9 335528 
650 0 |a Periodismo   |9 310113 
650 0 |a Historiografía   |9 257871 
583 |a last modification  |c 20000608 00:00:00  |k Rodrigo Vera 
999 |c 289029  |d 289027 
952 |0 0  |1 0  |4 0  |6 070_983000000000000_VIC_1931  |7 0  |8 X  |9 337138  |a BIBHIS  |b BIBHIS  |d 2019-11-20  |i 1292188  |o 070.983 VIC 1931  |p 1292188  |r 2024-01-30  |w 2019-11-20  |y BK_X  |k HIS 
952 |0 0  |1 0  |4 0  |6 070_983000000000000_VIC_1931  |7 0  |8 X  |9 337139  |a FDOBUD  |b FDOBUD  |d 2019-11-20  |i 1018701  |o 070.983 VIC 1931  |p 1018701  |r 2019-11-20  |w 2019-11-20  |y BK_X  |k BUD